Lo esencial de la tecnología anticonceptiva
Đã lưu trong:
| Những tác giả chính: | , , , , |
|---|---|
| Định dạng: | Sách |
| Ngôn ngữ: | Tiếng Tây Ban Nha |
| Được phát hành: |
Baltimore
Universidad de Johns Hopkins
1999
|
| Những chủ đề: | |
| Các nhãn: |
Thêm thẻ
Không có thẻ, Là người đầu tiên thẻ bản ghi này!
|
MARC
| LEADER | 00000nam a2200000 a 4500 | ||
|---|---|---|---|
| 001 | UCO4450 | ||
| 003 | CL-VaPUC | ||
| 008 | 000804e19990000US |||||||||||||||||spa|d | ||
| 082 | 0 | 4 | |a 613.94 |b HAT |2 21 |
| 100 | 0 | |a Hatcher, Robert A |e author |9 448967 | |
| 700 | 0 | |a Rinehart, Ward |e author |9 448968 | |
| 700 | 0 | |a Blackburn, Richard |e author |9 448969 | |
| 700 | 0 | |a Geller, Judith S |e author |9 448970 | |
| 700 | 0 | |a Shelton, James D |e author |9 448971 | |
| 245 | 1 | 3 | |a Lo esencial de la tecnología anticonceptiva |
| 300 | |a Pág. Irreg | ||
| 942 | |c BK | ||
| 945 | |d 20000804 00:00:00 |a vberengu | ||
| 260 | |a Baltimore |b Universidad de Johns Hopkins |c 1999 | ||
| 500 | |a Incluye afiche explicativo de los distintos métodos anticonceptivos | ||
| 650 | 0 | |a Anticonceptivos |9 380147 | |
| 650 | 0 | |a Anticonceptivos orales |9 448972 | |
| 650 | 7 | |a CONTROL DE NATALIDAD |2 CL-VaPUC |9 351039 | |
| 650 | 7 | |a DISPOSITIVOS INTRAUTERINOS |2 CL-VaPUC |9 448973 | |
| 650 | 0 | |a Enfermedades de transmisión sexual |9 448974 | |
| 650 | 7 | |a METODOS ANTICONCEPTIVOS |2 CL-VaPUC |9 376623 | |
| 650 | 7 | |a PLANIFICACION FAMILIAR |2 CL-VaPUC |9 309893 | |
| 583 | |a last modification |c 20000804 00:00:00 |k Rodrigo Vera | ||
| 999 | |c 290491 |d 290489 | ||
| 952 | |0 0 |1 0 |4 0 |6 613_940000000000000_HAT_1999 |7 0 |8 A |9 339952 |a BIBCUR |b BIBCUR |d 2019-11-20 |i 3638936 |o 613.94 HAT 1999 |p 3638936 |r 2025-04-22 |w 2019-11-20 |y BK |k BCB | ||
| 952 | |0 0 |1 0 |4 0 |6 613_940000000000000_HAT_1999 |7 0 |8 F |9 339953 |a BIBGIM |b BIBGIM |d 2019-11-20 |i 3639096 |o 613.94 HAT 1999 |p 3639096 |r 2025-01-15 |w 2019-11-20 |y BK_F |k GIM | ||